| 000 | 00824nam a2200241 a 4500 | ||
|---|---|---|---|
| 001 | 46929 | ||
| 003 | BD- RJUL | ||
| 005 | 20211209054230.0 | ||
| 008 | 500101s1953 enk 000 0 eng d | ||
| 035 | _a(BD- RJUL)47048 | ||
| 040 |
_aESU _cESU _dEQO _dBD- RJU _beng |
||
| 041 | _aeng | ||
| 082 |
_223 _a344.01252 _bCRP 1953 |
||
| 100 | 1 | 0 |
_aCrabbe, R. J. W. _9142949 |
| 245 | 1 | 0 |
_aPension and widows' and orphans' funds : _cby R.J.W. Crabbe and C.A. Poyser |
| 260 |
_aCambridge : _bPublished for the Institute of Actuaries and the Faculty of Actuaries at the University Press, _c1953 |
||
| 300 |
_avii, 240 p. ; _c22 cm |
||
| 500 | _aIncludes index | ||
| 650 | 0 |
_aOld age pensions _zGreat Britain. _9142950 |
|
| 700 | 1 |
_aPoyser, Cyril Alexander. _9142951 |
|
| 710 | 1 |
_aGreat Britain. _tLaws, etc. _9134290 |
|
| 942 |
_2ddc _cBK |
||
| 999 |
_c46929 _d46929 |
||